[Event "Olomouc Chess Summer 2023 - D1"]
[Site "Olomouc (CZE), Hotel Flora"]
[Date "2023.08.12"]
[Round "1"]
[Board "1"]
[White "Ni, Polina"]
[Black "Nikolaev, Leonid"]
[Result "1/2-1/2"]
[WhiteElo "1848"]
[BlackElo "2285"]
[PlyCount "0"]
[EventDate "2023.08.12"]
[EventRounds "9"]
[EventCountry "CZE"]

1. e4 c5 2. Nf3 d6 3. Bb5+ Nc6 4. O-O Bd7 5. Re1 a6 6. Bf1 Bg4 7. h3 Bh5 8. c3 Nf6
9. a4 e6 10. Na3 Be7 11. Nc2 O-O 12. d4 cxd4 13. cxd4 d5 14. e5 Ne4 15. Bd3 Bg6 16.
Be3 Qb6 17. Rb1 Qb3 18. Na1 Qa2 19. Re2 Nb4 20. Ne1 b5 21. Kh2 Qxa4 22. f3 Qxd1 23.
Rxd1 Ng5 24. h4 Nxf3+ 25. gxf3  1/2-1/2

[Event "Olomouc Chess Summer 2023 - D1"]
[Site "Olomouc (CZE), Hotel Flora"]
[Date "2023.08.12"]
[Round "1"]
[Board "2"]
[White "Wiley, Tom E"]
[Black "Huncar, Martin"]
[Result "1-0"]
[WhiteElo "2146"]
[BlackElo "1834"]
[PlyCount "0"]
[EventDate "2023.08.12"]
[EventRounds "9"]
[EventCountry "CZE"]

1. d4 c5 2. d5 g6 3. e4 Bg7 4. Nf3 d6 5. Bb5+ Nd7 6. a4 a6 7. Be2 Ngf6 8. Nc3 O-O
9. O-O b6 10. Re1 Ng4 11. h3 Nge5 12. Nh2 Nf6 13. f4 Ned7 14. Nf3 Qc7 15. Bc4 Bb7
16. Qe2 h6 17. Bd2 Nh7 18. Rad1 Rfe8 19. Bc1 Rad8 20. Bxa6 Bxa6 21. Qxa6 Ra8 22.
Qc4 Bxc3 23. Qxc3 Rxa4 24. b3 Ra2 25. Bb2 f6 26. e5 Nhf8 27. e6 Nb8 28. Bc1 Na6 29.
f5 Nb4 30. fxg6 Rxc2 31. Qe3 Rxc1 32. Qxc1 Kg7 33. Nh4 c4 34. Nf5+ Kxg6 35. Qxh6+
Kxf5 36. Qh5+ Kf4 37. Qg4#  1-0

[Event "Olomouc Chess Summer 2023 - D1"]
[Site "Olomouc (CZE), Hotel Flora"]
[Date "2023.08.12"]
[Round "1"]
[Board "3"]
[White "Zidu, Jan"]
[Black "Cap, Piotr"]
[Result "0-1"]
[WhiteElo "1822"]
[BlackElo "2136"]
[PlyCount "0"]
[EventDate "2023.08.12"]
[EventRounds "9"]
[EventCountry "CZE"]

1. e4 c6 2. d4 d5 3. exd5 cxd5 4. c3 Nc6 5. Bd3 Nf6 6. Bf4 Bg4 7. Qb3 Qc8 8. Nd2
e6 9. Ngf3 Be7 10. O-O O-O 11. h3 Bh5 12. Ne5 Nxe5 13. Bxe5 Nd7 14. Bh2 Nb6 15. Rae1
Qd7 16. Qc2 Bg6 17. Bxg6 hxg6 18. Nf3 Bf6 19. Be5 Nc4 20. Bf4 Rac8 21. g4 b5 22.
g5 Be7 23. b3 Nd6 24. Ne5 Qe8 25. h4 Nf5 26. Qd3 Bd6 27. Qf3 b4 28. Bd2 bxc3 29.
Bxc3 Qd8 30. Qh3 Be7 31. f4 Bd6 32. Kg2 Qc7 33. Rf3 Bxe5 34. fxe5 Qb6 35. h5 Rxc3
36. Rxc3 Qxd4 37. hxg6 fxg6 38. Rd3 Qf4 39. Kh1 Rc8 40. Rf3 Qd2 41. Ref1 Qxa2 42.
Rc3 Rxc3 43. Qxc3 Qe2 44. Qc8+ Kh7 45. Rxf5 Qe4+ 46. Rf3 Qxf3+ 47. Kg1 Qe3+ 48. Kf1
Qf4+ 49. Kg2 Qxg5+  0-1

[Event "Olomouc Chess Summer 2023 - D1"]
[Site "Olomouc (CZE), Hotel Flora"]
[Date "2023.08.12"]
[Round "1"]
[Board "4"]
[White "Bartos, Jan"]
[Black "Svanda, Radek"]
[Result "1-0"]
[WhiteElo "2095"]
[BlackElo "1763"]
[PlyCount "0"]
[EventDate "2023.08.12"]
[EventRounds "9"]
[EventCountry "CZE"]

1. d4 Nf6 2. c4 e6 3. g3 Bb4+ 4. Bd2 Qe7 5. Bg2 Bxd2+ 6. Qxd2 d6 7. Nc3 O-O 8. Nf3
Nc6 9. Rd1 e5 10. Nd5 Nxd5 11. cxd5 Nxd4 12. Nxd4 exd4 13. Qxd4 Re8 14. Rd2 Bf5 15.
O-O Qd7 16. Rc1 a5 17. e4 Bg6 18. Rdc2 Rac8 19. f3 h6 20. Qa7 Qb5 21. Bf1 Qa4 22.
b3 Qb4 23. Rxc7 Rxc7 24. Rxc7 Qe1 25. Qf2 Qb4 26. Rc4 Qa3 27. Qc2 b6 28. Ra4 Qc5+
29. Qxc5 dxc5 30. Bb5 Rd8 31. Kf2 Kf8 32. Ke3 f6 33. Rc4 Be8 34. Bxe8 Kxe8 35. a3
Ra8 36. f4 Ke7 37. e5 Rd8 38. Ke4 f5+ 39. Kxf5 Rxd5 40. b4 axb4 41. axb4 b5 42. Rxc5
Rxc5 43. bxc5 b4 44. Ke4  1-0

[Event "Olomouc Chess Summer 2023 - D1"]
[Site "Olomouc (CZE), Hotel Flora"]
[Date "2023.08.12"]
[Round "1"]
[Board "5"]
[White "Navratil, Ladislav"]
[Black "Matousek, Petr"]
[Result "0-1"]
[WhiteElo "1737"]
[BlackElo "2063"]
[PlyCount "0"]
[EventDate "2023.08.12"]
[EventRounds "9"]
[EventCountry "CZE"]

1. c4 Nf6 2. Nc3 g6 3. d4 d6 4. Nf3 Bg7 5. e4 O-O 6. Be2 e5 7. dxe5 dxe5 8. O-O Nbd7
9. Bg5 h6 10. Bxf6 Qxf6 11. Qc2 c6 12. Rad1 Nc5 13. b4 Ne6 14. Rd2 Nf4 15. Rfd1 Re8
16. b5 Bf8 17. Rb1 Bg4 18. Ne1 Be6 19. Bf1 Bc5 20. Na4 Bd4 21. bxc6 bxc6 22. c5 Qg5
23. Nf3 Nh3+ 24. Kh1 Qxd2 25. Nxd2 Nxf2+ 26. Kg1 Nxe4+ 27. Kh1 Nf2+ 28. Kg1 Bf5 29.
Qb3 Ne4+ 30. Kh1 Nxd2 31. Qb7 Bxb1 32. Bc4 Nxc4 33. Qxb1 Rab8 34. Qe4 Nd2  0-1

[Event "Olomouc Chess Summer 2023 - D1"]
[Site "Olomouc (CZE), Hotel Flora"]
[Date "2023.08.12"]
[Round "1"]
[Board "6"]
[White "Krejci, Jan"]
[Black "Hubeny, Pavel"]
[Result "1-0"]
[WhiteElo "2041"]
[BlackElo "1730"]
[PlyCount "0"]
[EventDate "2023.08.12"]
[EventRounds "9"]
[EventCountry "CZE"]

1. Nf3 f5 2. d4 Nf6 3. g3 e6 4. Bg2 d5 5. c4 c6 6. O-O Bd6 7. b3 Nbd7 8. Bb2 O-O
9. e3 b6 10. Nc3 Ba6 11. Nd2 Rc8 12. Re1 Ne4 13. Bf1 Bb7 14. f4 g5 15. Ndxe4 fxe4
16. Qg4 Rf5 17. Bh3 Kh8 18. Qh5 Nf6 19. Qf7 g4 20. Qxe6 Rh5 21. Bxg4 Rh6 22. cxd5
cxd5 23. Nb5 Bb4 24. Rec1 Nxg4 25. Qxg4 Bd2 26. Rxc8 Bxc8 27. Qe2 Ba6 28. Qxd2 Bxb5
29. Rc1 Rc6 30. Qb4 Rxc1+ 31. Bxc1 Bd3 32. Ba3 Kg7 33. Qa4 Qc7 34. Qe8 Qc2 35. Bf8+
Kf6 36. Qe5+ Kf7 37. Qe7+ Kg6 38. Qe6+ Kh5 39. Qf5# Kg6 40. Qg4+  1-0

[Event "Olomouc Chess Summer 2023 - D1"]
[Site "Olomouc (CZE), Hotel Flora"]
[Date "2023.08.12"]
[Round "1"]
[Board "7"]
[White "Laloucek, Miroslav"]
[Black "Kastner, Oldrich"]
[Result "0-1"]
[WhiteElo "1719"]
[BlackElo "2038"]
[PlyCount "0"]
[EventDate "2023.08.12"]
[EventRounds "9"]
[EventCountry "CZE"]

1. f4 Nf6 2. Nf3 g6 3. c4 c5 4. Nc3 d5 5. cxd5 Nxd5 6. e3 Bg7 7. d4 O-O 8. e4 Nxc3
9. bxc3 cxd4 10. Nxd4 e5 11. Ne2 Qa5 12. fxe5 Nc6 13. Bd2 Bg4 14. h3 Nxe5 15. Qc2
Bd7 16. Nd4 Rac8 17. Rc1 Rfe8 18. c4 Qd8 19. Nf3 Bc6 20. Be3 f5 21. Rd1 Qa5+ 22.
Qd2 Nxf3+ 23. gxf3 Bc3  0-1

[Event "Olomouc Chess Summer 2023 - D1"]
[Site "Olomouc (CZE), Hotel Flora"]
[Date "2023.08.12"]
[Round "1"]
[Board "8"]
[White "Vales, Vaclav"]
[Black "Prochazka, Pavel"]
[Result "1-0"]
[WhiteElo "2028"]
[BlackElo "1699"]
[PlyCount "0"]
[EventDate "2023.08.12"]
[EventRounds "9"]
[EventCountry "CZE"]

1. d4 d5 2. c4 e6 3. Nc3 Nf6 4. cxd5 exd5 5. Bg5 Be7 6. Qc2 Be6 7. e3 Nbd7 8. Bd3
h6 9. Bh4 c6 10. Nf3 Qa5 11. O-O O-O 12. a3 c5 13. b4 cxb4 14. axb4 Qd8 15. Qb2 Nb6
16. Nd2 g5 17. Bg3 Nh5 18. Rfd1 Nxg3 19. hxg3 Qd6 20. Nb5 Qxb4 21. Qxb4 Bxb4 22.
Nc7 Rac8 23. Nxe6 fxe6 24. Rxa7 Bxd2 25. Rxd2 Rc7 26. Rb2 Nc4 27. Rbxb7 Rxb7 28.
Rxb7 Rc8 29. g4 Rc6 30. Kf1 e5 31. dxe5 Nxe5 32. Bf5 Rd6 33. Re7 Nc4 34. Ke2 Kf8
35. Rh7 Ne5 36. Rc7 Nf7 37. Kd3 Kg7 38. Kd4 Kf6 39. Kc5 Ra6 40. Kxd5 h5 41. f4 hxg4
42. Bxg4 Nh6 43. Bc8 Ra5+ 44. Rc5 Rxc5+ 45. Kxc5 gxf4 46. exf4  1-0

[Event "Olomouc Chess Summer 2023 - D1"]
[Site "Olomouc (CZE), Hotel Flora"]
[Date "2023.08.13"]
[Round "2"]
[Board "1"]
[White "Petras, Milan"]
[Black "Wiley, Tom E"]
[Result "1/2-1/2"]
[WhiteElo "1924"]
[BlackElo "2146"]
[PlyCount "0"]
[EventDate "2023.08.12"]
[EventRounds "9"]
[EventCountry "CZE"]

1. e4 Nf6 2. Nc3 d5 3. e5 Nfd7 4. d4 c5 5. dxc5 e6 6. f4 Bxc5 7. Nf3 Nc6 8. Bd3 h6
9. Qe2 Nb6 10. Bd2 Bd7 11. O-O-O a6 12. Be1 Qc7 13. Bh4 Nd4 14. Qf1 Na4 15. Nxa4
Bxa4 16. Nxd4 Bxd4 17. Bf2 Bxf2 18. Qxf2 O-O 19. Qd4 Bb5 20. Rhe1 Bxd3 21. Qxd3 Rac8
22. f5 Qc4 23. Qxc4 Rxc4 24. b3 Rf4 25. Rf1 Rxf1 26. Rxf1 exf5 27. Rd1 Re8 28. Rxd5
Re7 29. c4 g5 30. Kd2 Kg7 31. b4 f4  1/2-1/2

[Event "Olomouc Chess Summer 2023 - D1"]
[Site "Olomouc (CZE), Hotel Flora"]
[Date "2023.08.13"]
[Round "2"]
[Board "2"]
[White "Cap, Piotr"]
[Black "Dusbaba, Karel"]
[Result "1/2-1/2"]
[WhiteElo "2136"]
[BlackElo "1963"]
[PlyCount "0"]
[EventDate "2023.08.12"]
[EventRounds "9"]
[EventCountry "CZE"]

1. d4 d5 2. c4 c6 3. Nd2 Nf6 4. Ngf3 Bf5 5. g3 e6 6. Bg2 Bd6 7. O-O Nbd7 8. Nh4 Bg6
9. b3 O-O 10. Nxg6 hxg6 11. Bb2 Bc7 12. Rc1 Re8 13. Qc2 Rc8 14. Rfd1 Qe7 15. Qd3
Ba5 16. Rc2 Rcd8 17. cxd5 exd5 18. e3 Nf8 19. a3 a6 20. b4 Bc7 21. Nb3 Ne6 22. Bc3
Bd6 23. Rcd2 Ng5 24. Nc5 Nfe4 25. Rc2 Rb8 26. Rb1 f5 27. a4 Rf8 28. Ba1 Rf7 29. Rbc1
Ra8 30. Bb2 Nh7 31. b5 axb5 32. axb5 Nxc5 33. dxc5 Be5 34. Bd4 Nf6 35. Rb2 Qe8 36.
bxc6 bxc6 37. Rb6 Rc7 38. Rcb1 Nd7 39. Ra6 Qc8 40. Bxe5 Nxe5 41. Bxd5+ Kf8 42. Rxa8
Nxd3 43. Rxc8+ Rxc8 44. Bf3 Nxc5 45. Rc1 Nd7 46. Rxc6 Rxc6 47. Bxc6 Ne5 48. Bb7 Ke7
49. h3 g5 50. Kf1 Kf6 51. Ke2 Nc4 52. Kd3 Nd6 53. Bc6 Ke5 54. f4+ gxf4 55. gxf4+
Kf6 56. Kd4 Nc8 57. h4 Ne7 58. Be8 Ke6 59. h5 Ng8 60. Bg6 Ne7 61. Bh7 Nc6+ 62. Kc5
Ne7 63. Kd4 Kd6 64. Kd3 Ke6 65. Ke2 Kf7 66. Kf3 Kf6 67. Kg3 Nd5 68. Kf2 Ne7 69. Kf3
Kf7 70. e4 fxe4+ 71. Bxe4 Kf6 72. Kg4 Nc8 73. Bd3 Ke5  1/2-1/2

[Event "Olomouc Chess Summer 2023 - D1"]
[Site "Olomouc (CZE), Hotel Flora"]
[Date "2023.08.13"]
[Round "2"]
[Board "3"]
[White "Jiruse, Josef"]
[Black "Bartos, Jan"]
[Result "0-1"]
[WhiteElo "1914"]
[BlackElo "2095"]
[PlyCount "0"]
[EventDate "2023.08.12"]
[EventRounds "9"]
[EventCountry "CZE"]

1. e4 c5 2. Nc3 g6 3. Bc4 Bg7 4. d3 Nc6 5. f4 e6 6. Nf3 Nge7 7. O-O d5 8. Bb3 O-O
9. Qe1 Nd4 10. Ne2 dxe4 11. Nexd4 cxd4 12. Qxe4 Rb8 13. Bd2 b5 14. c3 Bb7 15. Qe2
dxc3 16. Bxc3 Nf5 17. Bxg7 Kxg7 18. Qe5+ Qf6 19. Ng5 Qxe5 20. fxe5 Nd4 21. Rf2 h6
22. Nf3 Nxf3+ 23. gxf3 Rfd8 24. Rd1 Rd4 25. Kf1 g5 26. Ke2 Rbd8 27. Ke3 Kg6 28. f4
gxf4+ 29. Rxf4 Rxf4 30. Kxf4 Rd4+ 31. Ke3 Rh4 32. Rd2 Bd5 33. Bxd5 exd5 34. Rf2 d4+
35. Kf3 Kg5 36. Re2 Kf5 37. Kg3 Rg4+ 38. Kf3 Rf4+ 39. Kg3 h5 40. h3 h4+ 41. Kg2 Ke6
42. Re1 Kd5 43. Re2 a5 44. a3 a4 45. b3 axb3 46. Rb2 Rf5 47. Rxb3 Kc5 48. Rb2 Rxe5
49. Rf2 Re3 50. Rf5+ Kb6 51. Rf3 Rxf3 52. Kxf3 Ka5 53. Ke4 Ka4 54. Kxd4 Kxa3 55.
Ke5 b4  0-1

[Event "Olomouc Chess Summer 2023 - D1"]
[Site "Olomouc (CZE), Hotel Flora"]
[Date "2023.08.13"]
[Round "2"]
[Board "4"]
[White "Matousek, Petr"]
[Black "Stern, Geoffrey"]
[Result "1-0"]
[WhiteElo "2063"]
[BlackElo "1949"]
[PlyCount "0"]
[EventDate "2023.08.12"]
[EventRounds "9"]
[EventCountry "CZE"]

1. e4 e6 2. d4 d5 3. Nc3 Nc6 4. e5 f6 5. Bb5 Bd7 6. Nf3 Qe7 7. O-O Qf7 8. Qe2 O-O-O
9. a4 Nge7 10. Na2 h6 11. Bd2 g5 12. exf6 Qxf6 13. Bc3 Ng6 14. Bxc6 Bxc6 15. Nb4
Bd7 16. Nd3 Nf4 17. Qd2 Nxd3 18. Qxd3 Bd6 19. Ne5 Bxe5 20. dxe5 Qg7 21. Bd4 Kb8 22.
Qe3 b6 23. a5 Bc6 24. Ra3 Bb7 25. axb6 axb6 26. b4 Qd7 27. Rfa1 Qb5 28. Qb3 c5 29.
bxc5 Qxb3 30. Rxb3 bxc5 31. Bxc5 Kc8 32. Bb6 Rde8 33. Rc3+ Kb8 34. Ba7+ Ka8 35. Bc5+
 1-0

[Event "Olomouc Chess Summer 2023 - D1"]
[Site "Olomouc (CZE), Hotel Flora"]
[Date "2023.08.13"]
[Round "2"]
[Board "5"]
[White "Navratil, Jiri"]
[Black "Krejci, Jan"]
[Result "1/2-1/2"]
[WhiteElo "1899"]
[BlackElo "2041"]
[PlyCount "0"]
[EventDate "2023.08.12"]
[EventRounds "9"]
[EventCountry "CZE"]

1. d4 d5 2. Nf3 Nf6 3. Bf4 c6 4. c3 Bf5 5. e3 e6 6. Nbd2 h6 7. Ne5 Be7 8. Bd3 Nbd7
9. Bxf5 exf5 10. Qc2 g6 11. h3 Ne4 12. Ndf3 h5 13. O-O-O Nxe5 14. Nxe5 Bf6  1/2-1/2

[Event "Olomouc Chess Summer 2023 - D1"]
[Site "Olomouc (CZE), Hotel Flora"]
[Date "2023.08.13"]
[Round "2"]
[Board "6"]
[White "Kastner, Oldrich"]
[Black "Molnar, Jiri"]
[Result "1/2-1/2"]
[WhiteElo "2038"]
[BlackElo "1918"]
[PlyCount "0"]
[EventDate "2023.08.12"]
[EventRounds "9"]
[EventCountry "CZE"]

1. d4 d5 2. Bf4 Bf5 3. e3 e6 4. c4 c5 5. cxd5 exd5 6. Nf3 Nc6 7. Nc3 Nf6 8. Rc1 Be7
9. dxc5 Bxc5 10. Bb5 O-O 11. O-O Rc8 12. Bxc6 bxc6 13. Na4 Bb6 14. Nd4 Bd7 15. Nc5
Bxc5 16. Rxc5 Ne4 17. Rc1 c5 18. Ne2 Bb5 19. f3 Nf6 20. Re1 Re8 21. Bg5 h6 22. Nc3
hxg5 23. Nxb5 Qb6 24. Nc3 Qxb2 25. Nxd5 Nxd5 26. Qxd5 Rxe3 27. Red1 Re5 28. Qc4 Rce8
29. Rc2 Re1+ 30. Rxe1 Rxe1+ 31. Kf2 Qe5 32. Qxc5 Re2+ 33. Kf1 Qxc5 34. Rxc5 Rxa2
35. Rxg5 a5 36. h4 f6 37. Rg4 a4 38. Kg1 Kf7 39. Kh2 a3 40. Ra4 Ra1 41. Kg3 Ke6 42.
h5 a2 43. Ra5 Rh1 44. Rxa2 Rxh5 45. Ra6+ Kf7  1/2-1/2

[Event "Olomouc Chess Summer 2023 - D1"]
[Site "Olomouc (CZE), Hotel Flora"]
[Date "2023.08.13"]
[Round "2"]
[Board "7"]
[White "Jerabek, Jan"]
[Black "Vales, Vaclav"]
[Result "0-1"]
[WhiteElo "1258"]
[BlackElo "2028"]
[PlyCount "0"]
[EventDate "2023.08.12"]
[EventRounds "9"]
[EventCountry "CZE"]

1. d4 d5 2. c4 c6 3. Nc3 Nf6 4. e3 e6 5. a3 Nbd7 6. Nf3 Bd6 7. c5 Bc7 8. b4 b5 9.
Bd3 a6 10. O-O O-O 11. Re1 e5 12. e4 dxe4 13. Nxe4 exd4 14. Nd6 Bxd6 15. cxd6 c5
16. bxc5 Nxc5 17. Bb2 Qxd6 18. Rc1 Bg4 19. h3 Bxf3 20. Qxf3 Rac8 21. Qf5 Ne6 22.
g4 Rxc1 23. Rxc1 Qd5 24. g5 Nxg5 25. Qxd5 Nxd5 26. Rc5 Rd8 27. Bc1 Nxh3+ 28. Kf1
Nhf4 29. Be4 Kf8 30. Bd2 Ke7 31. Rc6 Rd6 32. Rc5 g6 33. Rc8 h5 34. Rc1 f5 35. Bf3
Kd7 36. Rc5 Ke6 37. Rc1 Nd3 38. Rd1 Nc3 39. Ra1 Ne4 40. Bb4 Nxb4 41. axb4 Nd2+ 42.
Ke2 Nxf3 43. Kxf3  0-1

[Event "Olomouc Chess Summer 2023 - D1"]
[Site "Olomouc (CZE), Hotel Flora"]
[Date "2023.08.13"]
[Round "2"]
[Board "8"]
[White "Llopis de Aysa, Manuel"]
[Black "Pribyl, Rene"]
[Result "1/2-1/2"]
[WhiteElo "1995"]
[BlackElo "1901"]
[PlyCount "0"]
[EventDate "2023.08.12"]
[EventRounds "9"]
[EventCountry "CZE"]

1. d4 d5 2. c4 c6 3. cxd5 cxd5 4. Bf4 Nc6 5. e3 Nf6 6. Nc3 e6 7. Bd3 Bd6 8. Bxd6
Qxd6 9. f4 a6 10. Nf3 Bd7 11. O-O O-O 12. Ne5 Rfe8 13. g4 g6 14. g5 Nh5 15. Be2 Ng7
16. Ng4 Kh8 17. Nf6 Rf8 18. Qe1 Nf5 19. Bd3 Nce7 20. Rf3 Kg7 21. Ng4 Rh8 22. Rh3
h6 23. gxh6+ Nxh6 24. Rxh6 Rxh6 25. Nxh6 Kxh6 26. Qf2 Kg7 27. Kh1 Rb8 28. Rc1 b5
29. Nb1 b4 30. Nd2 Bb5 31. Bb1 Rc8  1/2-1/2

[Event "Olomouc Chess Summer 2023 - D1"]
[Site "Olomouc (CZE), Hotel Flora"]
[Date "2023.08.13"]
[Round "3"]
[Board "1"]
[White "Bartos, Jan"]
[Black "Matousek, Petr"]
[Result "1/2-1/2"]
[WhiteElo "2095"]
[BlackElo "2063"]
[PlyCount "0"]
[EventDate "2023.08.12"]
[EventRounds "9"]
[EventCountry "CZE"]

1. d4 Nf6 2. c4 g6 3. Nc3 Bg7 4. e4 d6 5. Nf3 O-O 6. Be2 e5 7. Be3 Ng4 8. Bg5 f6
9. Bc1 Nh6 10. O-O Nf7 11. Be3 Nc6 12. Qd2 f5 13. dxe5 fxe4 14. Nxe4 Ncxe5 15. Rad1
Nxf3+ 16. Bxf3 Be6 17. b3 Ne5 18. Be2 Kh8 19. Bd4 Qe7 20. f4 Nc6 21. Bxg7+ Qxg7 22.
Bf3 Rae8 23. g3 Re7 24. Nc3 Bh3 25. Bg2 Bxg2 26. Kxg2 Rfe8 27. Rfe1 h5 28. Nd5 Rxe1
29. Rxe1 Rxe1 30. Qxe1 Nd4 31. Qe8+ Kh7 32. Qd8 Ne6 33. Nf6+ Kh6 34. Ng4+ Kh7 35.
Nf6+  1/2-1/2

[Event "Olomouc Chess Summer 2023 - D1"]
[Site "Olomouc (CZE), Hotel Flora"]
[Date "2023.08.13"]
[Round "3"]
[Board "2"]
[White "Vales, Vaclav"]
[Black "Cap, Piotr"]
[Result "1-0"]
[WhiteElo "2028"]
[BlackElo "2136"]
[PlyCount "0"]
[EventDate "2023.08.12"]
[EventRounds "9"]
[EventCountry "CZE"]

1. Nf3 g6 2. g3 Bg7 3. Bg2 d6 4. O-O e5 5. d3 f5 6. c4 Nf6 7. Nc3 O-O 8. Rb1 a5 9.
a3 Nc6 10. b4 axb4 11. axb4 h6 12. Nd2 Ne7 13. Qb3 Kh7 14. Bb2 f4 15. Ra1 Rxa1 16.
Rxa1 Nf5 17. Ra8 Nd4 18. Qd1 c6 19. Bh3 Qc7 20. Rxc8 Rxc8 21. Bxc8 Qxc8 22. Nce4
Nxe4 23. dxe4 fxg3 24. hxg3 Qg4 25. Bxd4 exd4 26. Qe1 h5 27. f3 Qg5 28. Nf1 Bh6 29.
Qa1 Bg7 30. Qd1 Qe7 31. Qd3 Qe6 32. Kg2 Qe8 33. b5 Qa8 34. Nd2 Qa2 35. Kf2 Bh6 36.
f4 Qa1 37. Nf3 cxb5 38. cxb5 Bg7 39. Ng5+ Kh6 40. Nf7+ Kh7 41. Nxd6 Qh1 42. e5 h4
43. gxh4 Qxh4+ 44. Qg3 Qh1 45. Qf3 Qh2+ 46. Ke1 Qg1+ 47. Kd2 Qb1 48. Qh3+ Kg8 49.
Qd3 Qb2+ 50. Qc2 Qb4+ 51. Kd3 Qa3+ 52. Kc4 Qe3 53. Qe4 Qc3+ 54. Kd5 Qb2 55. Kc5 g5
56. Kb6 gxf4 57. e6 Qb4 58. Qxf4 Bf6 59. e7 Bxe7 60. Qf7+  1-0

[Event "Olomouc Chess Summer 2023 - D1"]
[Site "Olomouc (CZE), Hotel Flora"]
[Date "2023.08.13"]
[Round "3"]
[Board "3"]
[White "Dusbaba, Karel"]
[Black "Nikolaev, Leonid"]
[Result "1/2-1/2"]
[WhiteElo "1963"]
[BlackElo "2285"]
[PlyCount "0"]
[EventDate "2023.08.12"]
[EventRounds "9"]
[EventCountry "CZE"]

1. c4 g6 2. Nc3 Bg7 3. g3 c5 4. Bg2 Nc6 5. Nf3 Nf6 6. d4 cxd4 7. Nxd4 O-O 8. O-O
Ng4 9. Nb3 d6 10. Bf4 a5 11. a4 Bf5 12. c5 e5 13. Bc1 Nd4 14. Ne4 dxc5 15. Nbxc5
Qb6 16. e3 Nc6 17. Nd7 Bxd7 18. Qxd7 Nf6 19. Nxf6+ Bxf6 20. Qd3 Rad8 21. Qb5 Qc7
22. Ra3 Rfe8 23. Rb3 Re7 24. Rd3 Rxd3 25. Qxd3 Nb4 26. Qb5 Rd7 27. b3 Rd3 28. Bxb7
Rxb3 29. Bd2 Rb2 30. Rc1 Rc2 31. Rxc2 Qxc2 32. Bxb4 Qb1+ 33. Kg2 Qxb4 34. Qe8+  1/2-1/2

[Event "Olomouc Chess Summer 2023 - D1"]
[Site "Olomouc (CZE), Hotel Flora"]
[Date "2023.08.13"]
[Round "3"]
[Board "4"]
[White "Wiley, Tom E"]
[Black "Malinovsky, Petr"]
[Result "1-0"]
[WhiteElo "2146"]
[BlackElo "1956"]
[PlyCount "0"]
[EventDate "2023.08.12"]
[EventRounds "9"]
[EventCountry "CZE"]

1. d4 d5 2. c4 e6 3. Nc3 c6 4. e3 f5 5. Bd3 Nf6 6. Nge2 Bd6 7. f3 O-O 8. Qc2 b6 9.
Bd2 Na6 10. a3 Nc7 11. cxd5 cxd5 12. O-O Ba6 13. Bxa6 Nxa6 14. Nb5 Be7 15. Qa4 Qc8
16. Rac1 Qb7 17. Rc3 Rfc8 18. Rfc1 Rxc3 19. Rxc3 Ne8 20. Nf4 Kf7 21. Nd3 Nd6 22.
Ne5+ Kf8 23. Be1 Rc8 24. Nxd6 Bxd6 25. Qd7  1-0

[Event "Olomouc Chess Summer 2023 - D1"]
[Site "Olomouc (CZE), Hotel Flora"]
[Date "2023.08.13"]
[Round "3"]
[Board "5"]
[White "Krejci, Jan"]
[Black "Petras, Milan"]
[Result "1-0"]
[WhiteElo "2041"]
[BlackElo "1924"]
[PlyCount "0"]
[EventDate "2023.08.12"]
[EventRounds "9"]
[EventCountry "CZE"]

1. Nf3 d5 2. c4 c6 3. g3 Bf5 4. Qb3 Qc8 5. Nc3 e6 6. Bg2 Na6 7. O-O Nf6 8. d4 dxc4
9. Qxc4 b5 10. Qb3 b4 11. Na4 Be4 12. Bg5 Bd5 13. Qc2 b3 14. axb3 Qb7 15. Rfc1 Ne4
16. Bf4 c5 17. Nc3 Nb4 18. Qd1 Rd8 19. Nxd5 Nxd5 20. Nd2 Nxd2 21. Qxd2 Qb6 22. Bxd5
Rxd5 23. Qa5 cxd4 24. Qxa7 Qxa7 25. Rxa7 Be7 26. Rcc7 Bd8 27. Rxf7 Rb5 28. Rxg7 Rxb3
29. Ra8 Rb5 30. Bg5 Rxg5 31. Rxg5 Kf7 32. Rb5 Re8 33. Rb7+ Re7 34. Rxe7+ Bxe7 35.
Kf1 Kf6 36. Ke1 Bb4+ 37. Kd1 h6 38. Kc2 Kg7 39. Kd3 e5 40. Ra6 Be7 41. Ke4 Bf6 42.
Kf5  1-0

[Event "Olomouc Chess Summer 2023 - D1"]
[Site "Olomouc (CZE), Hotel Flora"]
[Date "2023.08.13"]
[Round "3"]
[Board "6"]
[White "Pribyl, Rene"]
[Black "Kastner, Oldrich"]
[Result "0-1"]
[WhiteElo "1901"]
[BlackElo "2038"]
[PlyCount "0"]
[EventDate "2023.08.12"]
[EventRounds "9"]
[EventCountry "CZE"]

1. d4 Nf6 2. c4 e6 3. Nc3 Bb4 4. Bd2 d5 5. e3 O-O 6. Nf3 Nbd7 7. a3 Bxc3 8. Bxc3
Ne4 9. Qc2 f5 10. Bd3 c6 11. b4 Qe8 12. Ne5 Nxe5 13. dxe5 Qg6 14. g3 Qh5 15. Bd4
Qf3 16. Rf1 Bd7 17. h4 a5 18. Rg1 axb4 19. axb4 Rxa1+ 20. Bxa1 Ra8 21. Bd4 Ra3 22.
Bxe4 fxe4 23. c5 h5 24. Qb2 Rd3 25. Qe2 Qf7 26. Kf1 Qf3 27. Ke1 Be8 28. Qxf3 exf3
29. g4 hxg4 30. Rxg4 Rb3 31. e4 Rxb4 32. exd5 cxd5 33. Kd2 Bg6 34. Rf4 Bf5 35. Be3
Be4 36. Rg4 Kf7 37. Rf4+ Ke7 38. Rg4 g6 39. Kc3 Rc4+ 40. Kb2 Kd7 41. Rg1 Kc6 42.
Rd1 Kb5 43. Rd2 Bf5 44. Bd4 Rb4+ 45. Kc3 Rb1 46. Be3 Rc1+ 47. Kb3 Rc4 48. Bd4 Bc2+
49. Kb2 Kb4 50. Be3 Bf5 51. Bd4 Ka4 52. Ka2 Rb4 53. Rd1 Rb3 54. Be3 Bd3 55. Bd4 Bc4
56. Ka1 Rd3 57. Rxd3 Bxd3 58. Kb2 Kb4 59. Be3 Kc4 60. Bg5 Be4 61. Kc1 Kxc5 62. Be7+
Kd4 63. Bd6 Kc3 64. Ba3 d4 65. Bb2+ Kc4 66. Ba3 b5 67. Bd6 Kc3 68. Ba3 b4 69. Bb2+
Kc4 70. Kd2 Kd5  0-1

[Event "Olomouc Chess Summer 2023 - D1"]
[Site "Olomouc (CZE), Hotel Flora"]
[Date "2023.08.13"]
[Round "3"]
[Board "7"]
[White "Molnar, Jiri"]
[Black "Llopis de Aysa, Manuel"]
[Result "0-1"]
[WhiteElo "1918"]
[BlackElo "1995"]
[PlyCount "0"]
[EventDate "2023.08.12"]
[EventRounds "9"]
[EventCountry "CZE"]

1. e4 g6 2. f4 d5 3. e5 c5 4. Nf3 Nc6 5. Nc3 Bg4 6. Be2 e6 7. O-O h5 8. h3 Bxf3 9.
Bxf3 h4 10. Qe1 Nh6 11. Bg4 Be7 12. Ne2 Kd7 13. c3 Nf5 14. d3 Kc7 15. Bd2 Rc8 16.
a3 f6 17. b4 fxe5 18. fxe5 Qd7 19. bxc5 Bxc5+ 20. d4 Be7 21. Nf4 Rhg8 22. Qb1 Na5
23. Be2 Nc4 24. Be1 Kb8 25. Qb3 Bg5 26. Rb1 Bxf4 27. Rxf4 b6 28. Bg4 Nfe3 29. Be2
Nf5 30. a4 Ka8 31. Bd3 g5 32. Rf3 g4 33. hxg4 Rxg4 34. Rh3 Qg7 35. Rb2 Rg8 36. Bf1
Nfe3 37. Rh2 Nxb2 38. Qxb2 h3 39. Rxh3 Nxg2 40. Be2 Nxe1+  0-1

[Event "Olomouc Chess Summer 2023 - D1"]
[Site "Olomouc (CZE), Hotel Flora"]
[Date "2023.08.13"]
[Round "3"]
[Board "8"]
[White "Stern, Geoffrey"]
[Black "Navratil, Jiri"]
[Result "1/2-1/2"]
[WhiteElo "1949"]
[BlackElo "1899"]
[PlyCount "0"]
[EventDate "2023.08.12"]
[EventRounds "9"]
[EventCountry "CZE"]

1. d4 d5 2. Nc3 Nf6 3. Bf4 c6 4. e3 Bf5 5. f3 e6 6. g4 Bg6 7. h4 h6 8. Bd3 Bxd3 9.
Qxd3 Bd6 10. Nge2 a5 11. O-O-O b5 12. g5 Nh5 13. Bxd6  1/2-1/2

[Event "Olomouc Chess Summer 2023 - D1"]
[Site "Olomouc (CZE), Hotel Flora"]
[Date "2023.08.14"]
[Round "4"]
[Board "2"]
[White "Kastner, Oldrich"]
[Black "Wiley, Tom E"]
[Result "0-1"]
[WhiteElo "2038"]
[BlackElo "2146"]
[PlyCount "0"]
[EventDate "2023.08.12"]
[EventRounds "9"]
[EventCountry "CZE"]

1. d4 Nf6 2. Nf3 d5 3. Bf4 e6 4. e3 Bd6 5. Bg3 O-O 6. Bd3 c5 7. c3 Qc7 8. Nbd2 Nbd7
9. e4 cxd4 10. Nxd4 Bxg3 11. hxg3 Nc5 12. Qe2 Nxd3+ 13. Qxd3 dxe4 14. Qe2 e5 15.
Nxe4 exd4 16. Nxf6+ gxf6 17. Rh5 Bf5 18. O-O-O Bg6 19. Rxd4 Bxh5 20. Qxh5 Qe5 21.
Rg4+ Kh8 22. Qh6 Qe1+  0-1